000 00521nam a2200205Ia 4500
005 20231221094444.0
008 131103s9999 xx 000 0 und d
020 _a8175962070
_cRs 65
040 _aLoreto College
041 _aEnglish
082 _a428
_bNAG
100 _aNagaraj, Geetha
245 _aWrite to Communicate,
_cGeetha Nagaraj
260 _aNew Delhi
_bFoundation Books
_c2004
300 _a90p
650 _aEnglish Language
651 _aCommunicative English
850 _aLCLIB
942 _cBK
999 _c8150
_d58629